| 000 | 00643nam a22002057a 4500 | ||
|---|---|---|---|
| 005 | 20251108172433.0 | ||
| 008 | 250721s9999 xx 000 0 ara d | ||
| 082 | 1 | 4 | _a411شيخ |
| 100 | 1 | _aشيخ، عبدالواحد حسن | |
| 245 | 1 | 0 | _aصناعة الكتابة عند ضياء الدين بن الأثير / |
| 264 | 1 |
_aالقاهرة : _bمكتبة الإشعاع، |
|
| 300 | _a123ص | ||
| 490 | 0 | _aسلسلة اللغة العربية | |
| 650 | 1 | 7 | _aاللغة العربية |
| 650 | 1 | 7 | _aالكتابة |
| 650 | 1 | 7 | _aالأسلوب الأدبي |
| 650 | 1 | 7 | _aعلم الكتابة |
| 942 |
_2ddc _cBK |
||
| 999 |
_c79315 _d79315 |
||